00408 2200157 4500001002100000005001500021035002000036245005900056100001800115300002600133260003500159082000800194084001400202020002200216990001200238INLIS00000000000309120250930101654 a0010-09250004381 aEmbrace The Darkness ( Ikatan Abadi ) /cAlexandra Ivy0 aAlexandra Ivy a452 hlm ;c11 x 18 cm aJakarta :bDastan Books,c2010 a813 a813 ALE e a978-602-8723-35-0 a0755535